000 00198 a2200073 4500
020 _a9780954599645
082 _2DDC23
_a615.836 MCKE
245 _aANXIETY FREE: stop worrying and quieten your mind the only
999 _c782762
_d782761
942 _w300
_xThenjiwe Mabuza
_y300
_zThenjiwe Mabuza